Nazwij bohaterów z serialu "Breaking Bad" - Statystyki

Ogólne statystyki
  • Ten quiz został rozwiązany 79 razy
  • Średni wynik to 9 z 16
Statystyki odpowiedzi
Obrazkowy Odpowiedź % Poprawnych
Walter White
100%
Jesse Pinkman
93%
Skyler White
90%
Saul Goodman
88%
Tuco Salamanca
81%
Gustavo Fring
75%
Hank Schrader
72%
Marie Schrader
55%
Skinny Pete
54%
Steve Gomez
38%
Walter White Jr.
38%
Badger
36%
Ted Beneke
36%
Mike Ehrmantraut
33%
Todd Alquist
20%
Gale Boetticher
13%
Nie znaleziono quizów pasujących do podanych kryteriów
Rozkład punktacji
Procent ludzi z każdym wynikiem
Percentyl według liczby udzielonych odpowiedzi
Twoja historia wyników
Nie rozwiązałeś tego quizu